00401nam a2200157Ia 4500008004100000020001800041050001400059100001700073245002300090245005000113260001500163260001700178260000900195300001400204300002500218180207s9999 xx 000 0 und d a9780439666633 bT519 2004 aThorpe, Kiki aDora's chill day / cKiki Thorpe ; illustrated by Steven Savitsky. aNew York : bScholastic,  c2004 aunpaged : bcolor illustration ;